000 00519nam a2200181Ia 4500
005 20250508162156.0
008 008 250505s9999 xx 000 0 eng d
037 _aTextual
040 _aFEDL
_beng
_cFEDL
041 _aeng
_2eng
084 _a371.39, SAM
_qFEDL
100 _aSampath K
245 0 _aIntroduction to educational technology
260 _aNew Delhi, India
_bSterling Publishers Private Limited
_c1981
300 _a292p.
942 _cTEXL
_h371.39, SAM
999 _c1374827
_d1374827